书目信息 |
| 题名: |
产业工会工作概论
|
|
| 作者: | ;中华全国总工会 编 | |
| 分册: | ||
| 出版信息: | 北京 中国工人出版社 2013 |
|
| 页数: | 24,158页 | |
| 开本: | 23cm | |
| 丛书名: | ||
| 单 册: | ||
| 中图分类: | D412.4 | |
| 科图分类: | ||
| 主题词: | 产业工会--工会工作--中国--干部培训--教材 | |
| 电子资源: | ||
| ISBN: | 978-7-5008-5447-0 | |
| 000 | 00891nam0 2200241 450 | |
| 001 | 0102967609 | |
| 005 | 20131108104957.0 | |
| 010 | @a978-7-5008-5447-0@dCNY22.00 | |
| 100 | @a20130917d2013 em y0chiy0120 ea | |
| 101 | 0 | @achi |
| 102 | @aCN@b110000 | |
| 105 | @ay z 000yy | |
| 106 | @ar | |
| 200 | 1 | @a产业工会工作概论@9Chan Ye Gong Hui;Kuai Gong Zuo Gai Lun @f中华全国总工会[编]@b专著 |
| 210 | @a北京@c中国工人出版社@d2013 | |
| 215 | @a24,158页@d23cm | |
| 300 | @a全国工会干部培训基础教材 | |
| 330 | @a本书共五章,内容有:中国产业工会的历史发展、产业工会的地位和作用、产业工会的组织体系和职责任务、加强和改进新形势下产业工会工作、大力加强产业工会自身建设等。 | |
| 606 | 0 | @a产业工会@x工会工作@y中国@x干部培训@j教材 |
| 690 | @aD412.4@v5 | |
| 711 | 02 | @a中华全国总工会@4编@9zhong hua quan guo zong gong hui |
| 801 | 0 | @aCN@bAZmarc@c20230901 |
| 905 | @aBZT@dD412.4@e3@f1@sD412.4/3 | |
| 产业工会工作概论/中华全国总工会[编].-北京:中国工人出版社,2013 |
| 24,158页;23cm |
| 全国工会干部培训基础教材 |
| ISBN 978-7-5008-5447-0:CNY22.00 |
| 本书共五章,内容有:中国产业工会的历史发展、产业工会的地位和作用、产业工会的组织体系和职责任务、加强和改进新形势下产业工会工作、大力加强产业工会自身建设等。 |
| ● |
| 相关链接 |
|
|
|
正题名:产业工会工作概论
索取号:D412.4/3
 
预约/预借
| 序号 | 登录号 | 条形码 | 馆藏地/架位号 | 状态 | 备注 |
| 1 | 2000031820 | 2000031820 | 旧书回溯/ [索取号:D412.4/3] | 在馆 |